000302765 001__ 302765
000302765 005__ 20240928181220.0
000302765 0247_ $$aG:(GEPRIS)411112492$$d411112492
000302765 035__ $$aG:(GEPRIS)411112492
000302765 040__ $$aGEPRIS$$chttp://gepris.its.kfa-juelich.de
000302765 150__ $$aFemtosekunden-Laser- und Detektionssystem$$y2018
000302765 371__ $$aProfessor Dr. Benjamin Dietzek-Ivansic
000302765 450__ $$aDFG project G:(GEPRIS)411112492$$wd$$y2018
000302765 5101_ $$0I:(DE-588b)2007744-0$$aDeutsche Forschungsgemeinschaft$$bDFG
000302765 680__ $$aDas hier beantragte Femtosekunden-Laser- und Detektionssystem zur Messung zeitaufgelöster transienter mid-IR-Absorptionsspektroskopie in Lösung und (zeitaufgelöster) mid-IR-UV/vis Summenfrequenzmischung wird die schwingungsspektroskopische Charakterisierung von molekular-funktionalisierten Grenzflächen und molekular dünnen Schichten ermöglichen. Dies wird es der Arbeitsgruppe Dietzek, welche sich mit der Charakterisierung elektronisch angeregter molekularer Zustände und photoinduzierter Prozesse in Molekülen und Materialien beschäftigt, erlauben die bisherigen Arbeiten auszuweiten und Informationen über transiente prozessbegleitende Strukturänderungen zu gewinnen, welche mit den vorhandenen Methoden nicht zugänglich sind. Darüber hinaus wird die Technik der Summenfrequenzmischung eine Sensitivität für die selektive Untersuchung von Prozessen an Grenzflächen, z.B. molekular funktionalisierten Kohlenstoffnanomembranen oder photokatalytisch aktiven Elektroden, ermöglichen. Bisherige Methoden sind auf die Untersuchung von Bulk-Eigenschaften beschränkt, aber gerade in den genannten Systemen sind die Prozesse direkt an den Grenzflächen entscheidend für die Funktion. Zusätzlich sollen neue Arbeitsfelder z.B. die in-situ schwingungsspektroskopische Charakterisierung von molekularen Elektrokatalysatoren erschlossen werden.
000302765 909CO $$ooai:juser.fz-juelich.de:969508$$pauthority$$pauthority:GRANT
000302765 909CO $$ooai:juser.fz-juelich.de:969508
000302765 980__ $$aG
000302765 980__ $$aAUTHORITY